000
00289nam a2200109Ia 4500
008
230907s9999||||xx |||||||||||||| ||und||
082
_a
620.106
_b
MUN
245
0
_a
Munson, Young and OkiishiÂs Fundamentals of fluid mechanics /
260
_a
Wiley,
_c
2016
300
_a
720 p.
942
_c
BK
999
_c
598940
_d
598940